00363pab a2200121 454500008004000000100003100040245007900071260000900150300001200159362000900171650001900180773004200199180718b1988 xxu||||| |||| 00| 0 eng d aRiddell - Dixon, Elizabeth aState autonomy and Canadian foreign policybThe case of deep seabed mining c1988 a297-317 aJun. aForeign policy aCanadian Journal of Political Science